Rois et reines de Pologne - Statistiques

Statistiques générales
  • Ce quiz a été pris 6 fois
  • Le résultat moyen est 5 sur 49
Statistiques - réponses
Règne Souverain Surnom Dynastie Fonction % Correct
1232 - 1238 Henri I "le Barbu" Piast Duc de Silésie
50%
1238 - 1241 Henri II "le Pieux" Piast Duc de Silésie
50%
1039 - 1058 Casimir I "le Restaurateur" Piast Duc de Pologne
33%
1177 - 1194 Casimir II "le Juste" Piast Princeps de Petite-Pologne
33%
1333 - 1370 Casimir III "le Grand" Přemyslides Roi de Pologne
33%
1447 - 1492 Casimir IV - Jagellon Roi de Pologne
33%
1241 Henri III "le Chauve" Piast Duc de Silésie
33%
1288 - 1290 Henri IV "le Juste" Piast Princeps de Petite-Pologne
33%
1573 - 1575 Henri IV - Valois Roi de Pologne, puis roi de France (Henri III)
33%
1697 -1733 August I "le Fort" Wettin Roi de Pologne et Grand-Duc de Lituanie
17%
992 - 1025 Bolesław I "le Vaillant" Piast Roi de Pologne
17%
1058 - 1079 Bolesław II "le Généreux" Piast Roi de Pologne
17%
1102 - 1138 Bolesław III "Bouche-Torse" Piast Duc de Pologne
17%
1146 - 1173 Bolesław IV "le Frisé" Piast Princeps de Petite-Pologne
17%
1243 - 1279 Bolesław V "le Pudique" Piast Princeps de Petite-Pologne
17%
1492 - 1501 Jan I - Jagellon Roi de Pologne
17%
1648 - 1668 Jan II - Vasa Roi de Pologne et Grand-Duc de Lituanie
17%
1674 - 1696 Jan III - Sobieski Roi de Pologne et Grand-Duc de Lituanie
17%
1669 - 1673 Michał - Wiśniowiecki Roi de Pologne et Grand-Duc de Lituanie
17%
1704 - 1736 Stanisław I - Leszczyński Roi de Pologne et Grand-Duc de Lituanie
17%
1764 - 1795 Stanisław II - Poniatowski Roi de Pologne et Grand-Duc de Lituanie
17%
1501 - 1506 Alexandre - Jagellon Roi de Pologne
0%
1575 - 1586 Anna - Jagellon Reine de Pologne
0%
1733 - 1763 August II - Wettin Roi de Pologne et Grand-Duc de Lituanie
0%
1031 - 1032 Bezprym - Piast Duc de Pologne
0%
1229 - 1243 Conrad I - Piast Princeps de Petite-Pologne
0%
1384 -1399 Jadwiga - Angevine Reine de Pologne
0%
1194 - 1227 Lech I "le Blanc" Piast Princeps de Petite-Pologne
0%
1279 - 1288 Lech II "le Noir" Piast Princeps de Petite-Pologne
0%
1370 - 1382 Ludwik - Angevine Roi de Pologne
0%
960 - 992 Mieszko I - Piast Duc de Pologne
0%
1025 - 1034 Mieszko II - Piast Roi de Pologne
0%
1173 - 1202 Mieszko III "le Vieux" Piast Princeps de Petite-Pologne
0%
1210 - 1211 Miezsko IV "Jambes-Mêlées" Piast Duc de Silésie
0%
1290 - 1296 Przemyl - Přemyslides Roi de Pologne
0%
1506 - 1548 Sigismond I "le Vieux" Jagellon Roi de Pologne
0%
1548 - 1572 Sigismond II - Jagellon Roi de Pologne
0%
1587 - 1632 Sigismond III - Vasa Roi de Pologne et Grand-Duc de Lituanie
0%
1576 - 1586 Stefan - Báthory Roi de Pologne et Grand-Duc de Lituanie
0%
1296 - 1305 Wacław I - Přemyslides Roi de Pologne
0%
1305 - 1306 Wacław II - Přemyslides Roi de Pologne
0%
1079 - 1102 Władysław I - Piast Duc de Pologne
0%
1138 - 1146 Władysław II "le Banni" Piast Princeps de Petite-Pologne
0%
1202 - 1229 Władysław III "Jambes-Grêles" Piast Duc de Grande-Pologne
0%
1306 - 1333 Władysław IV "Petite-Coudée" Přemyslides Roi de Pologne
0%
1386 - 1434 Władysław V - Jagellon Roi de Pologne
0%
1434 - 1444 Władysław VI "le Varnénien" Jagellon Roi de Pologne
0%
1632 - 1648 Władysław VII - Vasa Roi de Pologne et Grand-Duc de Lituanie
0%
1102 - 1107 Zbigniew - Piast Duc de Pologne
0%
Aucun quiz correspondant
Distribution des résultats
% des personnes avec chaque résultat
Percentile par nombre de réponses
Votre historique - résultats
Vous n’avez pas pris ce quiz